| 000 | 00504nam a2200193 a 4500 | ||
|---|---|---|---|
| 001 | 1769854927547 | ||
| 003 | YourLibrary | ||
| 005 | 20260131162125.0 | ||
| 008 | 260131s2002##################000#0#eng## | ||
| 020 | _a9781840649413 | ||
| 082 | 0 | 4 |
_a332.10947 _bLAN |
| 100 | 1 |
_aLane, David, _eauthor. |
|
| 245 | 1 | 0 | _aRussian Banking : |
| 260 |
_bEdward Elgar Publishing, _c2002. |
||
| 300 | _a296 pages | ||
| 650 | 0 | _aBusiness & Economics. | |
| 942 | _cENGLISH | ||
| 040 |
_aYourLibrary _beng _cYourLibrary |
||
| 999 |
_c609563 _d609563 |
||